LIBRARY ONLINE CATALOGUE

Human-Computer interaction (Record no. 16864)

MARC details
000 -LEADER
fixed length control field 00445nam a22001577a 4500
008 - FIXED-LENGTH DATA ELEMENTS--GENERAL INFORMATION
fixed length control field 180623b xxu||||| |||| 00| 0 eng d
020 ## - INTERNATIONAL STANDARD BOOK NUMBER
International Standard Book Number 1844804542
040 ## - CATALOGING SOURCE
Original cataloging agency KABU
Transcribing agency KABU
050 ## - LIBRARY OF CONGRESS CALL NUMBER
Classification number QA76.9
Item number .S65 2006 c. 1
100 ## - MAIN ENTRY--PERSONAL NAME
Personal name Smith-Atakan, Serengul
245 ## - TITLE STATEMENT
Title Human-Computer interaction
260 ## - PUBLICATION, DISTRIBUTION, ETC. (IMPRINT)
Place of publication, distribution, etc. Australia
Name of publisher, distributor, etc. Thomson Learning
Date of publication, distribution, etc. 2006
300 ## - PHYSICAL DESCRIPTION
Extent xiv, 204 p.
650 ## - SUBJECT ADDED ENTRY--TOPICAL TERM
Topical term or geographic name as entry element Human-Computer interaction
942 ## - ADDED ENTRY ELEMENTS (KOHA)
Source of classification or shelving scheme Library of Congress Classification
Koha item type General Collection
Classification part QA76.9
Holdings
Withdrawn status Lost status Source of classification or shelving scheme Not for loan Home library Current library Shelving location Date acquired Cost, normal purchase price Total Checkouts Total Renewals Full call number Barcode Date last seen Date last checked out Copy number Price effective from Koha item type
    Library of Congress Classification   Kabarak, Main Campus Kabarak, Main Campus General Stacks 23/06/2018 2400.00 5 1 QA76.9 .S65 2006 c. 1 025122 12/07/2025 30/06/2025 c. 1 23/06/2018 General Collection
    Library of Congress Classification   Kabarak, Main Campus Kabarak, Main Campus General Stacks 23/06/2018 2400.00 7   QA76.9 .S65 2006 c. 2 025123 23/06/2025 09/06/2025 c. 2 23/06/2018 General Collection
    Library of Congress Classification   Kabarak, Main Campus Kabarak, Main Campus General Stacks 23/06/2018 2400.00 4   QA76.9 .S65 2006 c. 3 025287 26/11/2018 16/11/2018 c. 3 23/06/2018 General Collection
    Library of Congress Classification   Kabarak, Main Campus Kabarak, Main Campus General Stacks 23/06/2018 2400.00     QA76.9 .S65 2006 c. 4 025125 23/06/2018   c. 5 23/06/2018 General Collection
    Library of Congress Classification   Kabarak, Main Campus Kabarak, Main Campus General Stacks 23/06/2018 2400.00     QA76.9 .S65 2006 c. 5 025126 23/06/2018   c. 5 23/06/2018 General Collection